Teória automatického riadenia I

Gespeichert in:
Bibliographische Detailangaben
1. Verfasser: Skákala, Jozef (Verfasst von)
Format: Buch
Sprache:Slowakisch
Veröffentlicht: Bratislava : SVŠT v Bratislave, 1989
Ausgabe:2. vyd.
Tags: Tag hinzufügen
Keine Tags, Fügen Sie das erste Tag hinzu!

MARC

LEADER 00000nam a22000003a 4500
001 stu80275
005 20150617225637.4
008 030411s1989----xo------------------slo-d
020 |a 80-227-0155-6 
040 |a STU  |b slo 
041 0 |a slo 
044 |a xo 
080 |a 681.51 
100 1 |a Skákala, Jozef  |4 aut 
245 1 |a Teória automatického riadenia I 
250 |a 2. vyd. 
260 |a Bratislava :  |b SVŠT v Bratislave,  |c 1989 
300 |a 199.s 
996 |b 284J007607  |c J*2253-1  |l JJSK  |s A  |a 24  |w stu80275_0001 
996 |b 284J018255  |c J*2253-2  |l JJSK  |s A  |a 24  |w stu80275_0002